Sports Quiz

Random Sports or NFL Quiz

Athlete By Sports Card Quiz Stats

Quiz Updated Dec 25, 2014

Challenge
Share
Tweet
Score 0/25 Timer 05:00
2 Plays Today
% Correct
Michael Jordan
99%
Tiger Woods
79.6%
Ken Griffey Jr.
77.9%
Danica Patrick
72.3%
Adrian Peterson
72.2%
Cam Newton
69.6%
Derek Jeter
69.3%
Barry Sanders
66.5%
Yogi Berra
64.2%
Drew Bledsoe
63.2%
Brett Favre
60.3%
Luol Deng
50.2%
Stan Musial
49.7%
% Correct
Kevin Durant
45.9%
Martin Brodeur
41.9%
Richard Petty
38.3%
Steve Yzerman
37.9%
Mark Price
34.7%
Jose Abreu
34.1%
Moses Malone
30.8%
Rusty Wallace
25.1%
Felix Potvin
15.2%
Peter Forsberg
15.2%
Guy LaFleur
14.1%
Chamique Holdsclaw
9.6%

You're not logged in!

Compare scores with friends on all Sporcle quizzes.
Join for Free
OR
Log In

You Might Also Like...

Show Comments

Extras

Top Quizzes Today


Score Distribution

Your Account Isn't Verified!

In order to create a playlist on Sporcle, you need to verify the email address you used during registration. Go to your Sporcle Settings to finish the process.

Report this User

Report this user for behavior that violates our Community Guidelines.

Details: